Un hombre y una trompeta = Young Man with a Horn /

Historia de un jazzista con una excepcional habilidad musical pero con una complicada vida personal que lo lleva hacia el alcoholismo y a una muerte temprana; está basada en la vida del trompetista norteamericano Bix Beiderbecke, quizás el mejor solita de jazz blanco de su época. Considerada como la...

Ful tanımlama

Kaydedildi:
Detaylı Bibliyografya
Yazar: Curtiz, Michael (realización)
Diğer Yazarlar: Douglas, Kirk (actuación) (actuación), Bacall, Lauren (actuación) (actuación), Day, Doris (actuación) (actuación)
Materyal Türü: Saydam/Asetat
Dil:İngilizce
Konular:
Etiketler: Etiketle
Etiket eklenmemiş, İlk siz ekleyin!

MARC

LEADER 00000ngm^a2200000^a^4500
001 000300354
005 20250521000000.0
009 20260310112507.101
037 |a Acervo ITESO - Biblioteca 
041 |a ING 
082 |a 810.  |b CUR 
100 |a Curtiz, Michael  |e (realización) 
240 1 1 |a [Música en el alma] 
245 1 3 |a Un hombre y una trompeta =  |b Young Man with a Horn /  |c Realización de M. Curtiz. 
246 2 |a Título de exhibición cinematográfica en México: Música en el alma 
264 2 |a México :  |b Warner Brothers [distribución],  |c 2005, c2005 
300 |a 1 DVD regiones 1 y 4  |c (113 min.) 
336 |a imagen móvil bidimensional  |b tdi  |2 rdacontenido 
337 |a video  |b v  |2 rdamedio 
338 |a videodisco  |b vd  |2 rdasoporte 
520 |a Historia de un jazzista con una excepcional habilidad musical pero con una complicada vida personal que lo lleva hacia el alcoholismo y a una muerte temprana; está basada en la vida del trompetista norteamericano Bix Beiderbecke, quizás el mejor solita de jazz blanco de su época. Considerada como la primera película de jazz de alto presupuesto, también es conocida como una de las primeras grandes producciones hollywoodenses en tratar el lesbianismo. 
546 |a En inglés, con subtítulos opcionales: español, inglés, portugués 
649 |a XX 
650 |a Cineastas Húngaros 
650 |a Películas Musicales 
650 |a Dramas Cinematográficos 
650 |a Cine Norteamericano -  |y 1950-1959 
650 |a Cine Norteamericano -  |y Siglo XX 
650 |a Cine en Blanco y Negro -  |z EUA 
650 |a Cineastas Húngaros 
650 |a Escritores Norteamericanos 
650 |a Mujeres Norteamericanas 
650 |a Novela Norteamericana -  |x Adaptaciones para Cine 
650 |a Literatura Norteamericana -  |y Siglo XX -  |x Adaptaciones para Cine 
650 |a Músicos Norteamericanos -  |x Biografías 
650 |a Artistas Norteamericanos -  |x Biografías 
650 |a Banda (de Jazz, Rock, etc.) -  |z EUA -  |x Historia y Crítica 
650 |a Jazz -  |z EUA -  |x Historia y Crítica 
650 |a Música Afroamericana -  |z EUA -  |x Historia y Crítica 
650 |a Música Popular Moderna -  |z EUA -  |x Historia y Crítica 
650 |a Música Norteamericana -  |y Siglo XX 
650 |a Música Norteamericana -  |x Historia y Crítica 
650 |a Homosexualidad 
650 |a Alcoholismo 
650 |a Beiderbecke, Bix -  |x Tema Principal 
700 |a Douglas, Kirk  |e (actuación) 
700 |a Bacall, Lauren  |e (actuación) 
700 |a Day, Doris  |e (actuación) 
910 |a Fondo General 
920 |a Audiovisuales - DVDs 
940 |a Películas 
905 |a 302 
901 |a 0500184135  |b IT2  |c DVS  |i C117061  |u 20250521 
902 |a https://opac.biblio.iteso.mx/vufind/Record/000300354